Get Smart Villains' Plots Quiz Stats

 Plays Quiz not verified by Sporcle

Challenge
Share
Tweet
Embed
Score 0/26 Timer 06:00
0 Plays Today
% Correct
The Groovy Guru
86.1%
Tracy Dunhill
77.1%
Rupert of Rathskeller
73.6%
Siegfried
72%
Albert Pfitzer
70.7%
Dr. Zharko
70.4%
Groppo
67.7%
Mary Jack Armstrong
63%
Hans Hunter
60.5%
League of Bald Headed Men
58.8%
Adrian Listenger
57.7%
Naomi Farkas
56.6%
Captain Graumann
56.4%
% Correct
The Dead Cowboy
55.9%
The Chameleon
55%
The Craw
52%
Dr. Rath
50.2%
LeMoco
49.8%
The Scorpion Gang
49.5%
Leadside
47.5%
Melnik, the Smiling Killer
44.5%
Smartacus
43.2%
Mr. Sydney and Mr. Peter
40.2%
Ironhand
36.4%
Simon the Likeable
33%
The Choker
25.5%

You're not logged in!

Compare scores with friends on all Sporcle quizzes.
OR
Log In

You Might Also Like...

Show Comments

Extras

Top Quizzes Today


Score Distribution

Your Account Isn't Verified!

In order to create a playlist on Sporcle, you need to verify the email address you used during registration. Go to your Sporcle Settings to finish the process.

Report this User

Report this user for behavior that violates our Community Guidelines.

Details: